000 00292nam a22001337a 4500
008 170824b xxu||||| |||| 00| 0 eng d
020 _a9780321279095
041 _aeng
080 _23RD
_a51
100 _a38
101 _aMAT
245 _aCOLLEGE ALGEBRA
_cBITTINGER,M.L
942 _2udc
_cBK
999 _c24800
_d24800